Lịch sử và từ điển bóng đá thế giới
v.v...
Đã lưu trong:
| Tác giả chính: | |
|---|---|
| Định dạng: | Sách |
| Năm xuất bản: |
[K.đ]
Thể dục thể thao; Trung tâm thông tin biên dịch từ điển và bách khoa thư chuyên ngành
2002
|
| Chủ đề: | |
| Tags: |
Thêm thẻ
Không có thẻ, Hãy là người đầu tiên gắn thẻ bản ghi này!
|
| LEADER | 00767nam a2200181 4500 | ||
|---|---|---|---|
| 999 | |c 11241 |d 11241 | ||
| 082 | |a 796.33403 |b L302s. | ||
| 100 | |a Đinh Phương Anh chủ biên | ||
| 245 | |a Lịch sử và từ điển bóng đá thế giới |c Đinh Phương Anh chủ biên; Nguyễn Xuân Giao, Lưu Huy Khánh,... | ||
| 260 | |a [K.đ] |b Thể dục thể thao; Trung tâm thông tin biên dịch từ điển và bách khoa thư chuyên ngành |c 2002 | ||
| 300 | |a 539 tr. |c 21 cm. | ||
| 520 | |a v.v... | ||
| 653 | |a Thể thao | ||
| 653 | |a Bóng đá | ||
| 653 | |a Lịch sử | ||
| 653 | |a Từ điển | ||
| 942 | |2 ddc |c SH | ||
| 952 | |0 0 |1 0 |2 ddc |4 0 |6 796_334030000000000_L302S |7 0 |8 700 |9 96555 |a qbu |b qbu |c D5 |d 2015-10-01 |g 54000 |o 796.33403 L302s. |p 10758.c1 |r 2015-10-29 |w 2015-10-01 |y SH | ||